000 00567nam a22001697a 4500
003 SGT
020 _a9789332518742
082 _a004.6,TAN
100 _aTANENBAUM S. ANDREW
245 _aCOMPUTER NETWORKS
250 _a5TH
260 _aNEW DELHI
_bKIRTI PRAAKASHAN
_c2015
300 _a804
650 _aCOMPUTER SCIENCE
653 _aINTRODUCTION, THE PHYSICAL LAYER, THE DATA LINK LAYER, THE MEDIUM ACCESS CONTROL SUBLAYER , THE NETWORK LAYER, THE TRANSPORT LAYER, THE APPLICATION LAYER, NETWORK SECURITY, READING LIST AND BIBLIOGRAPHY
942 _2ddc
_cFCM
999 _c8844
_d8844